• 首页
  • 本馆介绍
  • 公告通知
  • 最新文献
  • 馆藏检索
  • 电子资源
  • 读者导购
  • 参考咨询
  • 我的图书馆
  • 登录
  • 详细信息显示
  • 放入我的书架
  • 预约/预借图书
  • 作者相关作品
  • 分类相关作品
  • 丛书相关作品
  • 出版社相关作品

书目信息

  • 表格格式
  • 工作单格式
  • 卡片格式
题名:
管理学教授错在哪里?
    
 
作者: 陈念南 著
分册:  
出版信息: 上海   上海大学出版社  2006
页数: 297页
开本: 21cm
丛书名:
单 册:
中图分类: F270-49
科图分类:
主题词: 企业管理--通俗读物 , 企业管理
电子资源:
ISBN: 7-81058-663-7
000 00784nam0 2200229 450
001 010700017289
005 20061117083532.68
010    @a7-81058-663-7@dCNY15.80
100    @a20060306d2006 em y0chiy0110 ea
101 0  @achi
102    @aCN@b310000
105    @ay z 000yy
200 1  @a管理学教授错在哪里?@9guan li xue jiao shou cuo zai na li?@f(台)陈念南著@F(tai)chen nian nan zhu
210    @a上海@c上海大学出版社@d2006
215    @a297页@d21cm
330    @a本书内容包括:服务力——贴心的客制化服务;经营力——兼顾标准化与弹性;领导力——策略力加上执行力;组织力——团队协力个人担当等。
606 0  @a企业管理@j通俗读物
606 0  @a企业管理
690    @aF270-49@v4
701  0 @a陈念南@9chen nian nan@4著
801  0 @aCN@bRENTIAN@c20061117
905    @a10447@dF270-49@e312
    
    管理学教授错在哪里?/(台)陈念南著.-上海:上海大学出版社,2006
    297页;21cm
    
    
    ISBN 7-81058-663-7:CNY15.80
    本书内容包括:服务力——贴心的客制化服务;经营力——兼顾标准化与弹性;领导力——策略力加上执行力;组织力——团队协力个人担当等。
●
相关链接 在E读中查询图书 在五车中查询图书 在当当中查询图书 在豆瓣中查询图书


正题名:管理学教授错在哪里?     索取号:F270-49/312         预约/预借

序号 登录号 条形码 馆藏地/架位号 状态 备注
1 0390006   203900065   第一样本阅览室/ [索取号:F270-49/312] 在馆    
2 0390007   203900074   第一借阅区/ [索取号:F270-49/312] 在馆    
3 0390008   203900083   第一借阅区/ [索取号:F270-49/312] 在馆    
4 0390009   203900092   第一借阅区/ [索取号:F270-49/312] 在馆    
5 0390010   203900109   第一借阅区/ [索取号:F270-49/312] 在馆    
唐山师范学院图书馆 欢迎您!
大连网信软件有限公司© 版权所有